[Event "Copenhagen Chess Challenge 2015"]
[Site "Ballerup"]
[Date "2015.??.??"]
[Round "4"]
[White "Pallesen, Jacob"]
[Black "Andersen, Daniel"]
[Result "1-0"]
[WhiteElo "2059"]
[BlackElo "1870"]
[PlyCount "61"]
[EventDate "2015.??.??"]
[EventType "swiss"]
[EventRounds "9"]
[EventCountry "DEN"]

1. g3 g6 2. Bg2 Bg7 3. d3 d5 4. f4 e5 5. fxe5 Bxe5 6. Nf3 Bg7 7. Nc3 d4 8. Ne4
f5 9. Nc5 Qe7 10. Nb3 c5 11. O-O Nf6 12. e3 dxe3 13. Re1 Bh6 14. Qe2 O-O 15. d4
Re8 16. Nxc5 Nc6 17. Qc4+ Qf7 18. Qxf7+ Kxf7 19. Nd3 Nd7 20. c3 Rb8 21. Nf4 g5
22. Nd5 Nf6 23. Nxf6 Kxf6 24. Rxe3 Rxe3 25. Bxe3 f4 26. gxf4 gxf4 27. Bf2 Bf5
28. Re1 Rg8 29. Kh1 Be6 30. Bh4+ Kf7 31. d5 1-0

[Event "Copenhagen Chess Challenge 2015"]
[Site "Ballerup"]
[Date "2015.??.??"]
[Round "4"]
[White "Surender, Anil"]
[Black "Petrovski, Petruli"]
[Result "1/2-1/2"]
[WhiteElo "2056"]
[BlackElo "1849"]
[PlyCount "83"]
[EventDate "2015.??.??"]
[EventType "swiss"]
[EventRounds "9"]
[EventCountry "DEN"]

1. d4 Nf6 2. c4 e6 3. Nc3 Bb4 4. e3 O-O 5. Bd3 d5 6. Nge2 c6 7. O-O dxc4 8.
Bxc4 b5 9. Bd3 Bb7 10. a3 Be7 11. f3 a6 12. Qc2 Nbd7 13. e4 e5 14. Be3 c5 15.
dxc5 Bxc5 16. Bxc5 Nxc5 17. Rfd1 Qb6 18. Kh1 Rfd8 19. Ng3 Nxd3 20. Rxd3 Rxd3
21. Qxd3 Rd8 22. Qe2 g6 23. Rd1 h5 24. Rxd8+ Qxd8 25. Qe3 h4 26. Nge2 Nh5 27.
Kg1 g5 28. Qc5 f6 29. Nd5 Bxd5 30. exd5 Qa5 31. Nc3 Nf4 32. Qc8+ Kg7 33. Qb7+
Kg6 34. Kf1 Nd3 35. d6 Nxb2 36. d7 Nc4 37. Qc8 Qxc3 38. Qe8+ Kf5 39. d8=Q Qc1+
40. Ke2 Qc2+ 41. Ke1 Qc1+ 42. Ke2 1/2-1/2

[Event "Copenhagen Chess Challenge 2015"]
[Site "Ballerup"]
[Date "2015.??.??"]
[Round "4"]
[White "Sorensen, Bernhard W"]
[Black "Dijkhuis, Oele"]
[Result "0-1"]
[WhiteElo "1648"]
[BlackElo "1568"]
[PlyCount "132"]
[EventDate "2015.??.??"]
[EventType "swiss"]
[EventRounds "9"]
[EventCountry "DEN"]

1. d4 Nf6 2. Bf4 g6 3. e3 Bg7 4. Nf3 O-O 5. Bd3 d5 6. h3 Nfd7 7. c4 dxc4 8.
Bxc4 Nc6 9. Nc3 e5 10. dxe5 Ndxe5 11. Bd5 Nxf3+ 12. Bxf3 Be5 13. Qxd8 Rxd8 14.
Bxe5 Nxe5 15. Be2 a6 16. Rd1 Rxd1+ 17. Kxd1 Be6 18. Kc1 Rd8 19. Rd1 Rxd1+ 20.
Kxd1 Kf8 21. a3 Ke7 22. Kd2 Bb3 23. f4 Nc4+ 24. Bxc4 Bxc4 25. h4 h5 26. e4 Ke6
27. Ke3 b5 28. Kd4 Kd6 29. b4 Be6 30. e5+ Kc6 31. g3 Bc4 32. Ne4 Ba2 33. Nc5
Kb6 34. Ke4 Bb1+ 35. Nd3 Kc6 36. Kd4 Ba2 37. Nc5 Kb6 38. e6 fxe6 39. Ke5 Bb1
40. Nxe6 Bf5 41. Kf6 Bxe6 42. Kxe6 a5 43. Kf6 axb4 44. axb4 c5 45. bxc5+ Kc6
46. Kxg6 b4 47. f5 b3 48. f6 b2 49. Kg7 b1=Q 50. f7 Qb2+ 51. Kg8 Qb3 52. Kf8
Kd7 53. c6+ Kxc6 54. Ke7 Qb7+ 55. Ke8 Qc8+ 56. Ke7 Qd7+ 57. Kf6 Qd8+ 58. Kg7
Qd4+ 59. Kg8 Qg4+ 60. Kh7 Qf5+ 61. Kg7 Qe5+ 62. Kg8 Qxg3+ 63. Kh7 Qd3+ 64. Kg8
Qg6+ 65. Kf8 Kd6 66. Ke8 Ke6 0-1

[Event "Copenhagen Chess Challenge 2015"]
[Site "Ballerup"]
[Date "2015.??.??"]
[Round "4"]
[White "Vatnestrom, Leo Andreas Giske"]
[Black "Lien, Kjell Hakon"]
[Result "0-1"]
[WhiteElo "1483"]
[BlackElo "2054"]
[PlyCount "42"]
[EventDate "2015.??.??"]
[EventType "swiss"]
[EventRounds "9"]
[EventCountry "DEN"]

1. e3 d5 2. Nf3 g6 3. d4 Bg7 4. c4 Nf6 5. Nc3 O-O 6. Bd2 c5 7. Be2 cxd4 8. exd4
dxc4 9. Be3 Be6 10. Rc1 Nc6 11. O-O h6 12. h3 a6 13. Qd2 Kh7 14. Rfd1 Qa5 15.
a3 Rfd8 16. Qc2 b5 17. g4 Nd5 18. Nxd5 Bxd5 19. Rd2 Qc7 20. Rcd1 Qb7 21. Ne1
Na5 0-1

[Event "Copenhagen Chess Challenge 2015"]
[Site "Ballerup"]
[Date "2015.??.??"]
[Round "4"]
[White "Sorensen, Per Settergren"]
[Black "Hentley, Darryl"]
[Result "1/2-1/2"]
[WhiteElo "2049"]
[BlackElo "1383"]
[PlyCount "141"]
[EventDate "2015.??.??"]
[EventType "swiss"]
[EventRounds "9"]
[EventCountry "DEN"]

1. e4 d6 2. d4 Nf6 3. Nc3 a6 4. f4 b5 5. a3 Bb7 6. Bd3 c5 7. d5 Nbd7 8. Nf3 Qb6
9. Be3 Ng4 10. Bg1 Qc7 11. h3 Ngf6 12. Be3 c4 13. Be2 Nc5 14. Qd4 Nfd7 15. O-O
f6 16. Qd2 g6 17. Nd4 O-O-O 18. b4 cxb3 19. cxb3 e5 20. dxe6 Nb6 21. Bf3 Bg7
22. Nd5 Nxd5 23. exd5 Qe7 24. b4 Na4 25. f5 Kb8 26. Rac1 Rc8 27. Nc6+ Bxc6 28.
dxc6 gxf5 29. Qd5 Qc7 30. Kh1 Ka8 31. Rc2 Rhe8 32. Qxf5 Re7 33. Rd1 Rce8 34.
Bd5 Kb8 35. Qf4 f5 36. Bd4 Bxd4 37. Qxd4 Nb6 38. Re1 Rf8 39. Bb3 f4 40. Rf1 Rf5
41. Rxf4 Re5 42. Re4 Rf5 43. Rc1 d5 44. Re3 Rf4 45. Qe5 Nc4 46. Bxc4 Rxc4 47.
Rxc4 Qxe5 48. Rxe5 dxc4 49. Kg1 Kc7 50. Kf2 Kxc6 51. Ke3 Kd6 52. Kd4 Rc7 53.
Re3 Ke7 54. g4 h6 55. h4 Rc6 56. Kd5 Rd6+ 57. Kc5 Rxe6 58. Rf3 Rg6 59. Rf4 c3
60. g5 hxg5 61. hxg5 Rxg5+ 62. Kd4 c2 63. Rf1 Rg4+ 64. Kc3 Rc4+ 65. Kb2 Ke6 66.
Rc1 Kd5 67. Rxc2 Rxc2+ 68. Kxc2 Kc4 69. Kb2 Kd3 70. Kb3 Kd2 71. Kb2 1/2-1/2

[Event "Copenhagen Chess Challenge 2015"]
[Site "Ballerup"]
[Date "2015.??.??"]
[Round "4"]
[White "Olsen, Michael Richard W"]
[Black "Svensson, Gert1"]
[Result "1-0"]
[WhiteElo "2023"]
[BlackElo "1880"]
[PlyCount "69"]
[EventDate "2015.??.??"]
[EventType "swiss"]
[EventRounds "9"]
[EventCountry "DEN"]

1. Nf3 d5 2. g3 c5 3. Bg2 Nc6 4. O-O Nf6 5. d3 e5 6. Nfd2 Be6 7. c3 Be7 8. a3
Qd7 9. Re1 Bh3 10. Bh1 h5 11. b4 h4 12. b5 Na5 13. Nf3 hxg3 14. fxg3 Ng4 15. e4
d4 16. a4 O-O-O 17. cxd4 cxd4 18. Bd2 b6 19. Na3 Bxa3 20. Rxa3 Qd6 21. Ra2 Kb7
22. Rc2 Rc8 23. Rxc8 Kxc8 24. Ng5 Nxh2 25. Qc2+ Kb7 26. Bxa5 bxa5 27. Nxf7 Qg6
28. Qc6+ Qxc6 29. bxc6+ Kxc6 30. Nxh8 Ng4 31. Rc1+ Kd6 32. Bg2 Bxg2 33. Kxg2
Ne3+ 34. Kf3 a6 35. Ng6 {Ke7} 1-0

[Event "Copenhagen Chess Challenge 2015"]
[Site "Ballerup"]
[Date "2015.??.??"]
[Round "4"]
[White "Hansen, Alex Mehr"]
[Black "Nielsen, Thomas (1994)"]
[Result "1-0"]
[WhiteElo "1958"]
[BlackElo "1670"]
[PlyCount "81"]
[EventDate "2015.??.??"]
[EventType "swiss"]
[EventRounds "9"]
[EventCountry "DEN"]

1. e4 e6 2. d4 d5 3. e5 c5 4. c3 Nc6 5. Nf3 Qb6 6. Be2 Bd7 7. O-O cxd4 8. cxd4
Nge7 9. b3 Rc8 10. Bb2 Ng6 11. g3 Be7 12. Ne1 O-O 13. h4 f6 14. Bh5 Nh8 15. Kg2
fxe5 16. dxe5 Bc5 17. Nd3 Bd4 18. Qe2 Bxb2 19. Qxb2 Nd4 20. Na3 Nb5 21. Nc2 Bc6
22. a4 d4+ 23. f3 Nc3 24. a5 Qc7 25. Nxd4 Qd7 26. Nxc6 Rxc6 27. Nf4 Rf5 28.
Rac1 Nd5 29. Nxd5 Rxh5 30. Rxc6 bxc6 31. Nf4 Rf5 32. b4 Nf7 33. Re1 g5 34. Nh5
Kf8 35. g4 Rxf3 36. Kxf3 Qd5+ 37. Kg3 Qd3+ 38. Kh2 Qf3 39. Qe2 Nxe5 40. Rf1
Nxg4+ 41. Kg1 1-0

[Event "Copenhagen Chess Challenge 2015"]
[Site "Ballerup"]
[Date "2015.??.??"]
[Round "4"]
[White "Yildiz, Hasan"]
[Black "Pawlak, Wojciech Zbigniew"]
[Result "1-0"]
[WhiteElo "1931"]
[BlackElo "1754"]
[PlyCount "77"]
[EventDate "2015.??.??"]
[EventType "swiss"]
[EventRounds "9"]
[EventCountry "DEN"]

1. Nf3 Nf6 2. d3 d5 3. g3 g6 4. Bg2 Bg7 5. O-O O-O 6. Re1 c6 7. c3 Nbd7 8. Bg5
h6 9. Bd2 Re8 10. b4 Qc7 11. a4 Ne5 12. Nd4 a6 13. Na3 b5 14. axb5 cxb5 15.
Naxb5 Qb6 16. Na3 Bb7 17. h3 Ned7 18. Be3 Qc7 19. Rc1 e5 20. Nb3 e4 21. Na5
Rac8 22. c4 Ba8 23. c5 exd3 24. Qxd3 Nh5 25. Rc2 d4 26. Bxd4 Bxg2 27. Kxg2 Rb8
28. Bxg7 Nxg7 29. Qc3 Ne5 30. N3c4 Nxc4 31. Nxc4 Qc6+ 32. f3 Nf5 33. e4 Ng7 34.
Rd1 Red8 35. Rxd8+ Rxd8 36. Nd6 Ne8 37. e5 f5 38. Qc4+ Kf8 39. Qf7# 1-0

[Event "Copenhagen Chess Challenge 2015"]
[Site "Ballerup"]
[Date "2015.??.??"]
[Round "4"]
[White "Klofsrud, August"]
[Black "Marthedal, Anton Mehmet Yildiz"]
[Result "1-0"]
[WhiteElo "1590"]
[BlackElo "1722"]
[PlyCount "101"]
[EventDate "2015.??.??"]
[EventType "swiss"]
[EventRounds "9"]
[EventCountry "DEN"]

1. d4 Nf6 2. c4 g6 3. Nc3 Bg7 4. e4 d6 5. Nf3 O-O 6. Be2 c5 7. O-O cxd4 8. Nxd4
Qb6 9. Nb3 Be6 10. Be3 Qc7 11. Nb5 Qd7 12. f3 Nc6 13. N3d4 Rfc8 14. Rc1 a6 15.
Nxc6 bxc6 16. Nd4 Rcb8 17. Qd2 c5 18. Nxe6 Qxe6 19. Rb1 a5 20. b3 Nd7 21. f4 a4
22. h3 axb3 23. axb3 Ra3 24. Bg4 f5 25. exf5 gxf5 26. Bd1 Nf6 27. Bc2 Ra2 28.
Bxf5 Qxf5 29. Qxa2 Qd3 30. Rf3 Qe4 31. b4 Ra8 32. Qb3 cxb4 33. c5+ Nd5 34. cxd6
Kh8 35. dxe7 Nxe3 36. Qxb4 Bd4 37. Kh1 Re8 38. Re1 Rxe7 39. Qb8+ Re8 40. Qb1
Qc6 41. Qd3 Qb6 42. f5 Bc5 43. f6 Rd8 44. Rexe3 Bxe3 45. Qxe3 Rd1+ 46. Kh2 Qb8+
47. Qf4 Qf8 48. f7 h6 49. Qf6+ Kh7 50. Rg3 Rd2 51. Qg6+ 1-0

[Event "Copenhagen Chess Challenge 2015"]
[Site "Ballerup"]
[Date "2015.??.??"]
[Round "4"]
[White "Aladiyur Paramasivan, Dharanidar"]
[Black "Kallenbach, Uffe"]
[Result "0-1"]
[WhiteElo "1427"]
[BlackElo "1641"]
[PlyCount "70"]
[EventDate "2015.??.??"]
[EventType "swiss"]
[EventRounds "9"]
[EventCountry "DEN"]

1. d4 Nf6 2. Nc3 g6 3. Nf3 Bg7 4. e3 O-O 5. Bc4 d5 6. Be2 Nbd7 7. Nd2 e5 8.
dxe5 Nxe5 9. Nf3 Re8 10. h3 c6 11. Nxe5 Rxe5 12. b3 Re8 13. Bb2 Bd7 14. Rb1 b5
15. O-O a5 16. Bf3 Bf5 17. Ne2 Qc7 18. Bxf6 Bxf6 19. Ng3 Bd7 20. Re1 Bc3 21.
Re2 Be5 22. Nf1 Rad8 23. Qd3 Bf5 24. Qd1 Be6 25. Bg4 d4 26. Qe1 Bxg4 27. hxg4
dxe3 28. Rxe3 Re7 29. f4 Bd4 30. g3 Rxe3 31. Nxe3 Re8 32. Kg2 Rxe3 33. Rd1 Rxe1
34. Rxe1 c5 35. f5 Qc6+ 0-1

[Event "Copenhagen Chess Challenge 2015"]
[Site "Ballerup"]
[Date "2015.??.??"]
[Round "5"]
[White "Gledura, Benjamin"]
[Black "Shen, Victor"]
[Result "1/2-1/2"]
[WhiteElo "2478"]
[BlackElo "2394"]
[PlyCount "109"]
[EventDate "2015.??.??"]
[EventType "swiss"]
[EventRounds "9"]
[EventCountry "DEN"]

1. d4 d5 2. c4 c6 3. Nf3 Nf6 4. Nc3 dxc4 5. a4 Bf5 6. e3 e6 7. Bxc4 Bb4 8. O-O
Nbd7 9. Nh4 O-O 10. Nxf5 exf5 11. Qc2 g6 12. f3 Rc8 13. Kh1 c5 14. Ba2 Qe7 15.
Bd2 a6 16. Rae1 Qd6 17. Rd1 Qe7 18. Qb3 a5 19. Rde1 Qd8 20. Qc2 Nh5 21. g4 Ng7
22. gxf5 Nxf5 23. Rg1 Kh8 24. d5 Ne5 25. Ref1 Qh4 26. Qd1 Qe7 27. e4 Ng7 28.
Qe2 f6 29. f4 Nf7 30. Re1 Rfe8 31. Rg3 Qd7 32. Re3 Nd6 33. Qf3 Rf8 34. Qh3 Qe7
35. R3e2 c4 36. Bb1 Bc5 37. e5 Ndf5 38. d6 Qe6 39. Be4 fxe5 40. fxe5 Qxe5 41.
Bxb7 Qxd6 42. Ne4 Qd3 43. Qxd3 cxd3 44. Bxc8 dxe2 45. Bxf5 Rxf5 46. Nxc5 Rxc5
47. Bc3 Kg8 48. Rxe2 Rc4 49. Bxa5 Rxa4 50. Bc3 Nf5 51. Kg2 Kf7 52. Kf3 h5 53.
Re4 Nh4+ 54. Ke3 Ng2+ 55. Kf3 1/2-1/2

[Event "Copenhagen Chess Challenge 2015"]
[Site "Ballerup"]
[Date "2015.??.??"]
[Round "5"]
[White "Christensen, Tobias"]
[Black "Tikkanen, Hans"]
[Result "0-1"]
[WhiteElo "2358"]
[BlackElo "2535"]
[PlyCount "102"]
[EventDate "2015.??.??"]
[EventType "swiss"]
[EventRounds "9"]
[EventCountry "DEN"]

1. e4 e6 2. d4 d5 3. Nd2 Nf6 4. e5 Nfd7 5. c3 c5 6. Bd3 Nc6 7. Ne2 cxd4 8. cxd4
f6 9. Nf4 Nxd4 10. Qh5+ Ke7 11. exf6+ Nxf6 12. Ng6+ hxg6 13. Qxh8 Kf7 14. O-O
e5 15. Nb3 Nxb3 16. axb3 Bf5 17. Bxf5 gxf5 18. Bg5 Bc5 19. Qh3 Ke6 20. Kh1 Qh8
21. Qxh8 Rxh8 22. Bxf6 gxf6 23. g3 d4 24. b4 Bb6 25. f3 d3 26. Ra3 Rd8 27. Re1
Bf2 28. Rf1 Bb6 29. Re1 Kf7 30. Raa1 Bf2 31. Rf1 Bd4 32. Rfe1 a6 33. Rab1 Bf2
34. Rf1 Bb6 35. Rfe1 Bf2 36. Rf1 Be3 37. Rbd1 f4 38. gxf4 Bxf4 39. Ra1 f5 40.
Kg2 Ke6 41. h3 Rc8 42. Rad1 Rc2+ 43. Kh1 d2 44. Kg1 Be3+ 45. Kh1 Rxb2 46. Rb1
Rxb1 47. Rxb1 Kd5 48. Kg2 Kc4 49. Kf1 Kd3 50. Rd1 e4 51. fxe4 fxe4 0-1

[Event "Copenhagen Chess Challenge 2015"]
[Site "Ballerup"]
[Date "2015.??.??"]
[Round "5"]
[White "Danielsen, Henrik"]
[Black "Percivaldi, Martin"]
[Result "1-0"]
[WhiteElo "2520"]
[BlackElo "2333"]
[PlyCount "99"]
[EventDate "2015.??.??"]
[EventType "swiss"]
[EventRounds "9"]
[EventCountry "DEN"]

1. Nf3 d5 2. g3 Bg4 3. Bg2 c6 4. d3 Nf6 5. h3 Bh5 6. g4 Bg6 7. Nh4 e6 8. e3 Be7
9. Nd2 Nfd7 10. Nxg6 hxg6 11. Qe2 a5 12. a4 Na6 13. c3 e5 14. O-O O-O 15. d4 e4
16. f4 f5 17. g5 Kf7 18. Rf2 Rh8 19. Bf1 Nf8 20. Rh2 Ne6 21. h4 b6 22. Qf2 c5
23. Nb3 cxd4 24. Nxd4 Qc8 25. Nb5 Nac5 26. Qc2 Qd7 27. Bd2 Nc7 28. Rd1 N5e6 29.
Kg2 Nxb5 30. Bxb5 Qc7 31. Qb3 Rad8 32. Bc1 Qc5 33. Be2 Qc6 34. Bb5 Qc5 35. Rdh1
Qc7 36. h5 Rxh5 37. Rxh5 gxh5 38. Rxh5 Bc5 39. Rh1 Ke7 40. Rd1 Qb7 41. Be2 Rd6
42. Bh5 Kd8 43. Bg6 Nxf4+ 44. exf4 Rxg6 45. Rxd5+ Rd6 46. Rxc5 e3+ 47. Kh2 Qa6
48. Qg8+ Kd7 49. Qf7+ Kd8 50. Qc7+ 1-0

[Event "Copenhagen Chess Challenge 2015"]
[Site "Ballerup"]
[Date "2015.??.??"]
[Round "5"]
[White "Matthiesen, Martin"]
[Black "Tari, Aryan"]
[Result "1/2-1/2"]
[WhiteElo "2288"]
[BlackElo "2513"]
[PlyCount "38"]
[EventDate "2015.??.??"]
[EventType "swiss"]
[EventRounds "9"]
[EventCountry "DEN"]

1. d4 Nf6 2. c4 e6 3. Nc3 Bb4 4. Qc2 d6 5. Nf3 Nbd7 6. g3 e5 7. Bg2 O-O 8. O-O
Bxc3 9. Qxc3 e4 10. Ng5 Re8 11. d5 h6 12. Nh3 Ne5 13. f3 exf3 14. exf3 Bf5 15.
Nf2 Qd7 16. a4 Re7 17. g4 Bh7 18. h3 Rae8 19. b3 Qd8 1/2-1/2

[Event "Copenhagen Chess Challenge 2015"]
[Site "Ballerup"]
[Date "2015.??.??"]
[Round "5"]
[White "Hector, Jonny"]
[Black "Arman, Deniz"]
[Result "1-0"]
[WhiteElo "2486"]
[BlackElo "2315"]
[PlyCount "57"]
[EventDate "2015.??.??"]
[EventType "swiss"]
[EventRounds "9"]
[EventCountry "DEN"]

1. e4 c5 2. Nf3 d6 3. d4 cxd4 4. Nxd4 Nf6 5. Nc3 a6 6. Bg5 e6 7. f4 Nc6 8. Nxc6
bxc6 9. e5 h6 10. Bh4 g5 11. fxg5 Nd5 12. Ne4 Qb6 13. c3 Qxb2 14. g6 fxg6 15.
Bd3 Nf4 16. Nf6+ Kf7 17. Bxg6+ Kxg6 18. Qg4+ Kf7 19. O-O Qxg2+ 20. Qxg2 Nxg2
21. Kxg2 dxe5 22. Rad1 c5 23. Kh3 e4 24. Ng4+ Kg6 25. Ne5+ Kh5 26. Bf6 Bg7 27.
Bxg7 e3 28. Rf4 e2 29. Bf6 1-0

[Event "Copenhagen Chess Challenge 2015"]
[Site "Ballerup"]
[Date "2015.??.??"]
[Round "5"]
[White "Brynell, Stellan"]
[Black "Dijkhuis, Tycho"]
[Result "1/2-1/2"]
[WhiteElo "2433"]
[BlackElo "2288"]
[PlyCount "63"]
[EventDate "2015.??.??"]
[EventType "swiss"]
[EventRounds "9"]
[EventCountry "DEN"]

1. e4 c5 2. Nf3 d6 3. Bb5+ Bd7 4. Bxd7+ Qxd7 5. O-O Nc6 6. c3 Nf6 7. d4 Nxe4 8.
d5 Ne5 9. Re1 Nxf3+ 10. Qxf3 Nf6 11. c4 e5 12. dxe6 fxe6 13. Bg5 Be7 14. Nc3
O-O 15. Qh3 h6 16. Qxe6+ Qxe6 17. Rxe6 Kf7 18. Rae1 Rfe8 19. Bh4 g5 20. Bg3 Bf8
21. Rxe8 Rxe8 22. Rxe8 Nxe8 23. b3 Ke6 24. f3 Nf6 25. h4 d5 26. hxg5 hxg5 27.
cxd5+ Nxd5 28. Ne4 Be7 29. Be1 Ke5 30. Bd2 g4 31. Nc3 gxf3 32. gxf3 1/2-1/2

[Event "Copenhagen Chess Challenge 2015"]
[Site "Ballerup"]
[Date "2015.??.??"]
[Round "5"]
[White "Haubro, Martin"]
[Black "Ahlander, Bjorn"]
[Result "0-1"]
[WhiteElo "2314"]
[BlackElo "2372"]
[PlyCount "112"]
[EventDate "2015.??.??"]
[EventType "swiss"]
[EventRounds "9"]
[EventCountry "DEN"]

1. e4 c5 2. Nf3 d6 3. d4 cxd4 4. Nxd4 Nf6 5. Nc3 a6 6. Bg5 e6 7. f4 Be7 8. Qf3
Nbd7 9. O-O-O Qc7 10. g4 b5 11. Bxf6 Nxf6 12. g5 Nd7 13. f5 O-O 14. g6 hxg6 15.
fxe6 fxe6 16. Qg3 Rf6 17. Bh3 Nf8 18. Rhe1 Bd7 19. a3 Rb8 20. Nf3 b4 21. axb4
Rxb4 22. e5 Rff4 23. exd6 Bxd6 24. Ne4 Ba4 25. Rd2 Be7 26. Nfg5 Bb3 27. Nc3 Bc4
28. Nxe6 Nxe6 29. Bxe6+ Bxe6 30. Rxe6 Qa5 31. Rd1 Bg5 32. Re3 Rg4 33. Qf2 Bxe3+
34. Qxe3 Qg5 35. Nd5 Qxe3+ 36. Nxe3 Rh4 37. Rd2 Rbe4 38. Re2 Rh5 39. c3 Reh4
40. Nf1 a5 41. Kd2 Rb5 42. Ke1 Ra4 43. Ne3 Re4 44. Kd1 Re6 45. Kc2 a4 46. Kd1
g5 47. Kc2 Kh7 48. Kd1 Kg6 49. Ke1 Rb7 50. Kf2 Kh5 51. Rd2 Rf7+ 52. Ke2 g4 53.
Rd5+ g5 54. Rd8 Rf3 55. Rd3 Rh3 56. Kf1 Rhxe3 0-1

[Event "Copenhagen Chess Challenge 2015"]
[Site "Ballerup"]
[Date "2015.??.??"]
[Round "5"]
[White "Veng, Johny"]
[Black "Antonsen, Mikkel"]
[Result "0-1"]
[WhiteElo "2304"]
[BlackElo "2472"]
[PlyCount "140"]
[EventDate "2015.??.??"]
[EventType "swiss"]
[EventRounds "9"]
[EventCountry "DEN"]

1. d4 Nf6 2. c4 g6 3. Nf3 Bg7 4. g3 c6 5. Bg2 d5 6. Qb3 O-O 7. O-O Qb6 8. Nc3
Rd8 9. Rd1 Na6 10. Bf4 dxc4 11. Qxc4 Qxb2 12. Ng5 Rf8 13. a4 Qb4 14. Qxb4 Nxb4
15. Rab1 a5 16. e4 Ne8 17. Rd2 Nd6 18. Bf1 b6 19. e5 Ne8 20. Na2 h6 21. Nf3 Nd5
22. Rc1 Bb7 23. Rb2 Nec7 24. Nd2 Rab8 25. Nc4 Ba8 26. Bd2 Ne6 27. Be3 c5 28.
dxc5 Nxe3 29. fxe3 bxc5 30. Rxb8 Rxb8 31. Nxa5 Bxe5 32. Nc4 Bf6 33. Nc3 Nd4 34.
Kf2 Nf3 35. h4 Ne5 36. Nb5 Ng4+ 37. Ke2 g5 38. hxg5 Bxg5 39. Bh3 Nf6 40. Nd2
Rd8 41. Bf5 e6 42. Bh3 Nd5 43. Nf1 Be7 44. Bg2 Nc3+ 45. Rxc3 Bxg2 46. Nd2 Ra8
47. Ra3 c4 48. Ra2 Bc6 49. Nc3 Bb4 50. Rc2 Bxc3 51. Rxc3 Rxa4 52. e4 Kg7 53.
Ke3 Bb5 54. e5 Kg6 55. Nf3 Bc6 56. Nd4 Bd5 57. Nb5 Ra1 58. Nd6 Ra4 59. Kd4 Ra6
60. Ne8 Ra1 61. Nd6 Re1 62. Rc2 Rd1+ 63. Kc5 Rd3 64. Rf2 c3 65. Kb4 Rxg3 66.
Rxf7 c2 67. Rc7 Rg2 68. Nb5 h5 69. Ka3 h4 70. Kb2 h3 0-1

[Event "Copenhagen Chess Challenge 2015"]
[Site "Ballerup"]
[Date "2015.??.??"]
[Round "5"]
[White "Fries Nielsen, Jens Ove"]
[Black "Lundin, Jan"]
[Result "0-1"]
[WhiteElo "2458"]
[BlackElo "2234"]
[PlyCount "114"]
[EventDate "2015.??.??"]
[EventType "swiss"]
[EventRounds "9"]
[EventCountry "DEN"]

1. e3 e5 2. c4 Nf6 3. a3 d5 4. b4 a5 5. b5 Bd6 6. Qc2 Qe7 7. cxd5 Nxd5 8. Nf3
O-O 9. h4 Nd7 10. Ng5 N7f6 11. Bc4 c6 12. bxc6 bxc6 13. Bb2 Ba6 14. Bxa6 Rxa6
15. Nc3 Rb8 16. Na4 Qd7 17. Qc4 Ra7 18. Rc1 Rab7 19. Bxe5 Bxe5 20. Nc5 Qe8 21.
Nxb7 Rxb7 22. O-O h6 23. Nf3 Bd6 24. Qa4 Ra7 25. Nd4 Ne7 26. Rc2 Qd7 27. Rc4
Nfd5 28. Rb1 Ra6 29. Rc2 Qg4 30. Qc4 Ra8 31. Ra1 Qxh4 32. Nf3 Qxc4 33. Rxc4 f5
34. d3 g5 35. g3 Nb6 36. Rc2 Nd7 37. Nd2 Rb8 38. Nc4 Bc7 39. Rb2 Rxb2 40. Nxb2
Nb6 41. d4 Kf7 42. g4 Bd6 43. gxf5 Nxf5 44. Nd3 Ke6 45. Rb1 Nc4 46. a4 g4 47.
Rb7 g3 48. fxg3 Nfxe3 49. Rh7 Bxg3 50. Nc5+ Kd5 51. Rd7+ Bd6 52. Nb7 Nf5 53.
Kf2 Nxd4 54. Nxd6 Nxd6 55. Rh7 N4f5 56. Ra7 Nc4 57. Rf7 Nd4 0-1

[Event "Copenhagen Chess Challenge 2015"]
[Site "Ballerup"]
[Date "2015.??.??"]
[Round "5"]
[White "Hagen, Andreas Skytte"]
[Black "Vovk, Oksana"]
[Result "1-0"]
[WhiteElo "2408"]
[BlackElo "2112"]
[PlyCount "155"]
[EventDate "2015.??.??"]
[EventType "swiss"]
[EventRounds "9"]
[EventCountry "DEN"]

1. c4 e5 2. g3 Nf6 3. Bg2 d5 4. cxd5 Nxd5 5. Nc3 Nb6 6. Nf3 Nc6 7. O-O Be7 8.
a3 a5 9. d3 Be6 10. Na4 O-O 11. Be3 Nd5 12. Bc5 Bd6 13. Rc1 Rc8 14. e4 Nb6 15.
Be3 Nxa4 16. Qxa4 f6 17. d4 exd4 18. Bxd4 Qd7 19. Be3 Rfd8 20. Qb5 Rb8 21. Rfd1
Qf7 22. Bf1 Kf8 23. Bc5 Bxc5 24. Qxc5+ Qe7 25. Qh5 Kg8 26. Rxd8+ Qxd8 27. Be2
Nd4 28. Bc4 Bxc4 29. Rxc4 Nxf3+ 30. Qxf3 c6 31. Qb3 Kf8 32. Kg2 Qc7 33. Rd4 Ke7
34. f4 Re8 35. e5 fxe5 36. fxe5 c5 37. Rd6 Kf8 38. Qd5 Qf7 39. Qxc5 Kg8 40.
Qxa5 Qf5 41. Qd5+ Kf8 42. Rd7 Qc2+ 43. Kh3 Qf5+ 44. Kg2 Qc2+ 45. Kh3 Qf5+ 46.
g4 Qf1+ 47. Qg2 Qf4 48. Rxb7 Rxe5 49. Rb8+ Kf7 50. Rb3 Re3+ 51. Rxe3 Qxe3+ 52.
Qg3 Qe2 53. Qf4+ Kg8 54. Qd4 Qf3+ 55. Kh4 h6 56. g5 hxg5+ 57. Kxg5 Qg2+ 58. Kf5
Qh3+ 59. Ke4 Qxh2 60. a4 Qg2+ 61. Ke5 Qg3+ 62. Ke6 Qg6+ 63. Kd5 Qf5+ 64. Kc4
Qc2+ 65. Kb4 Kh7 66. a5 g5 67. a6 Qc6 68. Ka5 Qc7+ 69. Qb6 Qe5+ 70. Qb5 Qc7+
71. Ka4 Kh6 72. b4 g4 73. Qc5 Qd7+ 74. b5 Qd2 75. b6 Qd7+ 76. Ka5 g3 77. a7
Qd2+ 78. Ka6 1-0

[Event "Copenhagen Chess Challenge 2015"]
[Site "Ballerup"]
[Date "2015.??.??"]
[Round "5"]
[White "Brondt, Nicolai Kvist"]
[Black "Carstensen, Jacob"]
[Result "0-1"]
[WhiteElo "2146"]
[BlackElo "2382"]
[PlyCount "134"]
[EventDate "2015.??.??"]
[EventType "swiss"]
[EventRounds "9"]
[EventCountry "DEN"]

1. Nf3 d5 2. d4 c6 3. c4 e6 4. Nbd2 Nf6 5. g3 Nbd7 6. Bg2 Be7 7. O-O O-O 8. b3
b6 9. e4 Nxe4 10. Nxe4 dxe4 11. Ne5 Nxe5 12. dxe5 Qc7 13. Bf4 Bb7 14. Bxe4 c5
15. Qf3 Bxe4 16. Qxe4 Rad8 17. Rfd1 Rd7 18. Rxd7 Qxd7 19. Kf1 Rd8 20. Ke2 f5
21. exf6 Bxf6 22. Re1 Bc3 23. Rc1 Bb2 24. Re1 Bc3 25. Rc1 Bd4 26. Kf1 e5 27.
Bxe5 Bxf2 28. Bf4 Re8 29. Qd5+ Qxd5 30. cxd5 Bd4 31. Re1 Rd8 32. Re7 Rxd5 33.
Rxa7 g5 34. Bd2 b5 35. Ke2 g4 36. Rb7 b4 37. Rb8+ Kf7 38. Rb7+ Kg6 39. Rb6+ Kf5
40. Rh6 Rd7 41. Rh5+ Ke6 42. Rh6+ Kf5 43. Rh5+ Kf6 44. Rh6+ Ke5 45. Rh5+ Ke4
46. Rh4 h5 47. Rxh5 Rf7 48. Be1 Ra7 49. Rg5 Rxa2+ 50. Kf1 Rxh2 51. Rxg4+ Kd3
52. Rh4 Rb2 53. g4 Rxb3 54. g5 Ra3 55. g6 Ra7 56. Rh3+ Kc4 57. Bf2 b3 58. Bxd4
cxd4 59. Ke2 b2 60. Rh1 Kc3 61. Rg1 d3+ 62. Ke3 Re7+ 63. Kf4 Kc2 64. g7 Rxg7
65. Rxg7 b1=Q 66. Rg2+ d2 67. Rxd2+ Kxd2 0-1

[Event "Copenhagen Chess Challenge 2015"]
[Site "Ballerup"]
[Date "2015.??.??"]
[Round "5"]
[White "Dijkhuis, Sven"]
[Black "Fries Nielsen, Niels Jorgen"]
[Result "1/2-1/2"]
[WhiteElo "2118"]
[BlackElo "2339"]
[PlyCount "97"]
[EventDate "2015.??.??"]
[EventType "swiss"]
[EventRounds "9"]
[EventCountry "DEN"]

1. e4 d6 2. d4 a6 3. Nc3 b5 4. Bd3 Bb7 5. a3 Nd7 6. Nf3 e5 7. dxe5 dxe5 8. O-O
Ngf6 9. Re1 Bd6 10. b3 O-O 11. Bb2 Re8 12. Qd2 Nc5 13. Rad1 Qe7 14. b4 Nxd3 15.
Qxd3 Rad8 16. Nd5 Nxd5 17. exd5 e4 18. Qc3 f5 19. Nd4 Be5 20. Nxf5 Qf6 21. Nd4
Bxd5 22. Qe3 c6 23. Ba1 Bf4 24. Qh3 Be5 25. Qe3 Bf7 26. Nb3 Rxd1 27. Rxd1 Bxa1
28. Rxa1 Qb2 29. Qc1 Qc3 30. Qd2 Qxd2 31. Nxd2 e3 32. Nf3 Bd5 33. Nd4 exf2+ 34.
Kxf2 Re4 35. c3 Kf7 36. a4 Rf4+ 37. Kg1 g5 38. axb5 axb5 39. Ra7+ Kg6 40. Rd7
Rf6 41. Rd8 h5 42. g3 Bc4 43. Rc8 Rf1+ 44. Kg2 Rf6 45. Kg1 Bd5 46. Rd8 Be4 47.
Rg8+ Kh6 48. Rh8+ Kg6 49. Rg8+ 1/2-1/2